Normal view
MARC view
- Stochastic Procsess
Entry Geographic Name
001 - CONTROL NUMBER
- control field: 103350
003 - CONTROL NUMBER IDENTIFIER
- control field: NUST
005 - DATE AND TIME OF LATEST TRANSACTION
- control field: 20221122131617.0
008 - FIXED-LENGTH DATA ELEMENTS
- fixed length control field: 221122|| aca||aabn | a|a d
040 ## - CATALOGING SOURCE
- Original cataloging agency: NUST
- Transcribing agency: NUST
151 ## - HEADING--GEOGRAPHIC NAME
- Geographic name: Stochastic Procsess
670 ## - SOURCE DATA FOUND
- Source citation: Work cat.: (NUST)215425: Basu, A.K 78047, Introduction to Stochastic Process /, 2003
